00824nam a2200229 a 450000100060000000300080000600500170001400800410003103500190007204000270009104100080011808200310012610000360015724501070019326000400030030000240034050000190036465000330038394200120041699900170042895201490044572384BD-RjUL20211209082244.0170517s1968 nyu b 001 0 eng  a(BD-RjUL)72601 aDLCcDLCdBD-RjULbeng aeng00a301.45296073223bTES 19681 aTeller, Judd L.,d1912-921407310aStrangers and natives :bthe evolution of the American Jew from 1921 to the present /cJudd L. Teller. aNew York :bDelacorte Press,c1968. ax, 308 p. ;c24 cm. aIncludes index 0aJewszUnited States.9129025 2ddccBK c72384d72384 00102ddc40718NFICaRUCLbRUCLcReadingd1977-03-31eLions Internationalsl0o301.45296073 TES 1968r2017-05-17 00:00:00tC-1w2017-05-17yBK